Délmagyarország. - 1996. november 19., Kedd
Elmentve itt :
| Dokumentumtípus: | Újság |
|---|---|
| Megjelent: |
1996-11-19
|
| Sorozat: | Délmagyarország
86 No. 270 |
| Online Access: | http://dmarchiv.bibl.u-szeged.hu/26197 |
| LEADER | 00487nas a2200145 i 4500 | ||
|---|---|---|---|
| 001 | delm26197 | ||
| 005 | 20200415082755.0 | ||
| 008 | 171218s1996 hu n o 0|| hun d | ||
| 022 | |a 0133-025X | ||
| 040 | |a SZTE Délmagyarország Archívum |b hun | ||
| 041 | |a hun | ||
| 245 | 0 | 0 | |a Délmagyarország. - 1996. november 19., Kedd |h [elektronikus dokumentum] |
| 260 | |c 1996-11-19 | ||
| 490 | 0 | |a Délmagyarország |v 86 No. 270 | |
| 856 | 4 | 0 | |u http://dmarchiv.bibl.u-szeged.hu/26197/1/dm_1996_270.pdf |z Dokumentum-elérés |